<?xml version="1.0" encoding="UTF-8"?>
<record
    xmlns:xsi="http://www.w3.org/2001/XMLSchema-instance"
    xsi:schemaLocation="http://www.loc.gov/MARC21/slim http://www.loc.gov/standards/marcxml/schema/MARC21slim.xsd"
    xmlns="http://www.loc.gov/MARC21/slim">

  <leader>00885nam a22002657a 4500</leader>
  <datafield tag="999" ind1=" " ind2=" ">
    <subfield code="c">145849</subfield>
    <subfield code="d">145849</subfield>
  </datafield>
  <controlfield tag="005">20230628114914.0</controlfield>
  <datafield tag="010" ind1=" " ind2=" ">
    <subfield code="a"> ENG-121474 ENG-137202</subfield>
  </datafield>
  <datafield tag="020" ind1=" " ind2=" ">
    <subfield code="a">9789352593200</subfield>
    <subfield code="c">530.00</subfield>
  </datafield>
  <datafield tag="035" ind1=" " ind2=" ">
    <subfield code="a">EN-105006 EN-120734</subfield>
  </datafield>
  <datafield tag="035" ind1=" " ind2=" ">
    <subfield code="a">B-685734-746</subfield>
  </datafield>
  <datafield tag="037" ind1=" " ind2=" ">
    <subfield code="b">Asian</subfield>
    <subfield code="a">dpl</subfield>
  </datafield>
  <datafield tag="037" ind1=" " ind2=" ">
    <subfield code="b">DBAD/PUB</subfield>
  </datafield>
  <datafield tag="037" ind1=" " ind2=" ">
    <subfield code="b">ABC</subfield>
    <subfield code="a">DPL</subfield>
  </datafield>
  <datafield tag="082" ind1=" " ind2=" ">
    <subfield code="a">512.02</subfield>
  </datafield>
  <datafield tag="100" ind1=" " ind2=" ">
    <subfield code="a">Khanna, Vijay K.</subfield>
  </datafield>
  <datafield tag="245" ind1=" " ind2=" ">
    <subfield code="a">A course in abstract algebra /</subfield>
    <subfield code="c">by Vijay K Khanna [and] S K Bhambri</subfield>
  </datafield>
  <datafield tag="250" ind1=" " ind2=" ">
    <subfield code="a">5th ed</subfield>
  </datafield>
  <datafield tag="260" ind1=" " ind2=" ">
    <subfield code="a">Noida</subfield>
    <subfield code="b">Vikas Publishing House</subfield>
    <subfield code="c">2017</subfield>
  </datafield>
  <datafield tag="270" ind1=" " ind2=" ">
    <subfield code="a">E-28,Sector-8</subfield>
    <subfield code="b">Noida(UP)</subfield>
    <subfield code="e">201301</subfield>
  </datafield>
  <datafield tag="300" ind1=" " ind2=" ">
    <subfield code="a">ix,869p.</subfield>
    <subfield code="c">24cm(pbk)</subfield>
  </datafield>
  <datafield tag="500" ind1=" " ind2=" ">
    <subfield code="a">includes index</subfield>
  </datafield>
  <datafield tag="700" ind1=" " ind2=" ">
    <subfield code="a">Bhambri, S K </subfield>
  </datafield>
  <datafield tag="942" ind1=" " ind2=" ">
    <subfield code="2">ddc</subfield>
    <subfield code="c">EN</subfield>
    <subfield code="m">KHA</subfield>
    <subfield code="h">512.02</subfield>
  </datafield>
  <datafield tag="952" ind1=" " ind2=" ">
    <subfield code="0">0</subfield>
    <subfield code="1">0</subfield>
    <subfield code="4">0</subfield>
    <subfield code="7">1</subfield>
    <subfield code="8">NFIC</subfield>
    <subfield code="a">DBAD</subfield>
    <subfield code="b">BN</subfield>
    <subfield code="d">2017-11-18</subfield>
    <subfield code="e">DBAD/PUB</subfield>
    <subfield code="g">530.00</subfield>
    <subfield code="l">0</subfield>
    <subfield code="o">512.02 KHA</subfield>
    <subfield code="p">EN-105006</subfield>
    <subfield code="r">2017-11-18 00:00:00</subfield>
    <subfield code="t">1</subfield>
    <subfield code="v">530.00</subfield>
    <subfield code="y">EN</subfield>
  </datafield>
  <datafield tag="952" ind1=" " ind2=" ">
    <subfield code="0">0</subfield>
    <subfield code="1">0</subfield>
    <subfield code="4">0</subfield>
    <subfield code="7">0</subfield>
    <subfield code="8">NFIC</subfield>
    <subfield code="a">L</subfield>
    <subfield code="b">L</subfield>
    <subfield code="d">2018-01-18</subfield>
    <subfield code="e">ABC/5278/5.12.17/BPPD/EN/2017-18/636/20.11.17/6.1.2018</subfield>
    <subfield code="g">530.00</subfield>
    <subfield code="l">22</subfield>
    <subfield code="m">18</subfield>
    <subfield code="o">512.02 KHA</subfield>
    <subfield code="p">B-685734</subfield>
    <subfield code="r">2023-08-24 00:00:00</subfield>
    <subfield code="s">2023-07-27</subfield>
    <subfield code="t">1</subfield>
    <subfield code="v">530.00</subfield>
    <subfield code="y">EN</subfield>
  </datafield>
  <datafield tag="952" ind1=" " ind2=" ">
    <subfield code="0">0</subfield>
    <subfield code="1">0</subfield>
    <subfield code="4">0</subfield>
    <subfield code="7">0</subfield>
    <subfield code="8">NFIC</subfield>
    <subfield code="a">AV</subfield>
    <subfield code="b">AV</subfield>
    <subfield code="d">2018-01-18</subfield>
    <subfield code="e">ABC/5278/5.12.17/BPPD/EN/2017-18/636/20.11.17/6.1.2018</subfield>
    <subfield code="g">530.00</subfield>
    <subfield code="l">0</subfield>
    <subfield code="o">512.02 KHA</subfield>
    <subfield code="p">B-685735</subfield>
    <subfield code="r">2018-01-18 00:00:00</subfield>
    <subfield code="t">1</subfield>
    <subfield code="v">530.00</subfield>
    <subfield code="y">EN</subfield>
  </datafield>
  <datafield tag="952" ind1=" " ind2=" ">
    <subfield code="0">0</subfield>
    <subfield code="1">0</subfield>
    <subfield code="4">0</subfield>
    <subfield code="7">0</subfield>
    <subfield code="8">NFIC</subfield>
    <subfield code="a">BL1</subfield>
    <subfield code="b">BL1</subfield>
    <subfield code="d">2018-01-18</subfield>
    <subfield code="e">ABC/5278/5.12.17/BPPD/EN/2017-18/636/20.11.17/6.1.2018</subfield>
    <subfield code="g">530.00</subfield>
    <subfield code="l">3</subfield>
    <subfield code="o">512.02 KHA</subfield>
    <subfield code="p">B-685736</subfield>
    <subfield code="r">2024-08-21 00:00:00</subfield>
    <subfield code="s">2024-08-03</subfield>
    <subfield code="t">1</subfield>
    <subfield code="v">530.00</subfield>
    <subfield code="y">EN</subfield>
  </datafield>
  <datafield tag="952" ind1=" " ind2=" ">
    <subfield code="0">0</subfield>
    <subfield code="1">0</subfield>
    <subfield code="4">0</subfield>
    <subfield code="7">0</subfield>
    <subfield code="8">NFIC</subfield>
    <subfield code="a">KGM</subfield>
    <subfield code="b">KGM</subfield>
    <subfield code="d">2018-01-18</subfield>
    <subfield code="e">ABC/5278/5.12.17/BPPD/EN/2017-18/636/20.11.17/6.1.2018</subfield>
    <subfield code="g">530.00</subfield>
    <subfield code="l">0</subfield>
    <subfield code="o">512.02 KHA</subfield>
    <subfield code="p">B-685737</subfield>
    <subfield code="r">2018-01-18 00:00:00</subfield>
    <subfield code="t">1</subfield>
    <subfield code="v">530.00</subfield>
    <subfield code="y">EN</subfield>
  </datafield>
  <datafield tag="952" ind1=" " ind2=" ">
    <subfield code="0">0</subfield>
    <subfield code="1">0</subfield>
    <subfield code="4">0</subfield>
    <subfield code="7">0</subfield>
    <subfield code="8">NFIC</subfield>
    <subfield code="a">PR</subfield>
    <subfield code="b">PR</subfield>
    <subfield code="d">2018-01-18</subfield>
    <subfield code="e">ABC/5278/5.12.17/BPPD/EN/2017-18/636/20.11.17/6.1.2018</subfield>
    <subfield code="g">530.00</subfield>
    <subfield code="l">0</subfield>
    <subfield code="o">512.02 KHA</subfield>
    <subfield code="p">B-685738</subfield>
    <subfield code="r">2018-01-18 00:00:00</subfield>
    <subfield code="t">1</subfield>
    <subfield code="v">530.00</subfield>
    <subfield code="y">EN</subfield>
  </datafield>
  <datafield tag="952" ind1=" " ind2=" ">
    <subfield code="0">0</subfield>
    <subfield code="1">0</subfield>
    <subfield code="4">0</subfield>
    <subfield code="7">0</subfield>
    <subfield code="8">NFIC</subfield>
    <subfield code="a">TN</subfield>
    <subfield code="b">TN</subfield>
    <subfield code="d">2018-01-18</subfield>
    <subfield code="e">ABC/5278/5.12.17/BPPD/EN/2017-18/636/20.11.17/6.1.2018</subfield>
    <subfield code="g">530.00</subfield>
    <subfield code="l">2</subfield>
    <subfield code="m">2</subfield>
    <subfield code="o">512.02 KHA</subfield>
    <subfield code="p">B-685739</subfield>
    <subfield code="r">2021-09-18 00:00:00</subfield>
    <subfield code="s">2021-08-13</subfield>
    <subfield code="t">1</subfield>
    <subfield code="v">530.00</subfield>
    <subfield code="y">EN</subfield>
  </datafield>
  <datafield tag="952" ind1=" " ind2=" ">
    <subfield code="0">0</subfield>
    <subfield code="1">0</subfield>
    <subfield code="4">0</subfield>
    <subfield code="7">0</subfield>
    <subfield code="8">NFIC</subfield>
    <subfield code="a">JP</subfield>
    <subfield code="b">JP</subfield>
    <subfield code="d">2018-01-18</subfield>
    <subfield code="e">ABC/5278/5.12.17/BPPD/EN/2017-18/636/20.11.17/6.1.2018</subfield>
    <subfield code="g">530.00</subfield>
    <subfield code="l">8</subfield>
    <subfield code="m">8</subfield>
    <subfield code="o">512.02 KHA</subfield>
    <subfield code="p">B-685740</subfield>
    <subfield code="r">2022-08-17 00:00:00</subfield>
    <subfield code="s">2022-06-17</subfield>
    <subfield code="t">1</subfield>
    <subfield code="v">530.00</subfield>
    <subfield code="y">EN</subfield>
  </datafield>
  <datafield tag="952" ind1=" " ind2=" ">
    <subfield code="0">0</subfield>
    <subfield code="1">0</subfield>
    <subfield code="4">0</subfield>
    <subfield code="7">0</subfield>
    <subfield code="8">NFIC</subfield>
    <subfield code="a">ZLS</subfield>
    <subfield code="b">ZLS</subfield>
    <subfield code="d">2018-01-18</subfield>
    <subfield code="e">ABC/5278/5.12.17/BPPD/EN/2017-18/636/20.11.17/6.1.2018</subfield>
    <subfield code="g">530.00</subfield>
    <subfield code="l">16</subfield>
    <subfield code="m">26</subfield>
    <subfield code="o">512.02 KHA</subfield>
    <subfield code="p">B-685741</subfield>
    <subfield code="r">2024-05-09 00:00:00</subfield>
    <subfield code="s">2024-04-09</subfield>
    <subfield code="t">1</subfield>
    <subfield code="v">530.00</subfield>
    <subfield code="y">EN</subfield>
  </datafield>
  <datafield tag="952" ind1=" " ind2=" ">
    <subfield code="0">0</subfield>
    <subfield code="1">0</subfield>
    <subfield code="4">0</subfield>
    <subfield code="7">0</subfield>
    <subfield code="8">NFIC</subfield>
    <subfield code="a">NRR</subfield>
    <subfield code="b">NRR</subfield>
    <subfield code="d">2018-01-18</subfield>
    <subfield code="e">ABC/5278/5.12.17/BPPD/EN/2017-18/636/20.11.17/6.1.2018</subfield>
    <subfield code="g">530.00</subfield>
    <subfield code="l">0</subfield>
    <subfield code="o">512.02 KHA</subfield>
    <subfield code="p">B-685742</subfield>
    <subfield code="r">2018-01-18 00:00:00</subfield>
    <subfield code="t">1</subfield>
    <subfield code="v">530.00</subfield>
    <subfield code="y">EN</subfield>
  </datafield>
  <datafield tag="952" ind1=" " ind2=" ">
    <subfield code="0">0</subfield>
    <subfield code="1">0</subfield>
    <subfield code="4">0</subfield>
    <subfield code="7">0</subfield>
    <subfield code="8">NFIC</subfield>
    <subfield code="a">BKK</subfield>
    <subfield code="b">BKK</subfield>
    <subfield code="d">2018-01-18</subfield>
    <subfield code="e">ABC/5278/5.12.17/BPPD/EN/2017-18/636/20.11.17/6.1.2018</subfield>
    <subfield code="g">530.00</subfield>
    <subfield code="l">0</subfield>
    <subfield code="o">512.02 KHA</subfield>
    <subfield code="p">B-685743</subfield>
    <subfield code="r">2018-01-18 00:00:00</subfield>
    <subfield code="t">1</subfield>
    <subfield code="v">530.00</subfield>
    <subfield code="y">EN</subfield>
  </datafield>
  <datafield tag="952" ind1=" " ind2=" ">
    <subfield code="0">0</subfield>
    <subfield code="1">0</subfield>
    <subfield code="4">0</subfield>
    <subfield code="7">0</subfield>
    <subfield code="8">NFIC</subfield>
    <subfield code="a">NR</subfield>
    <subfield code="b">NR</subfield>
    <subfield code="d">2018-01-18</subfield>
    <subfield code="e">ABC/5278/5.12.17/BPPD/EN/2017-18/636/20.11.17/6.1.2018</subfield>
    <subfield code="g">530.00</subfield>
    <subfield code="l">0</subfield>
    <subfield code="o">512.02 KHA</subfield>
    <subfield code="p">B-685744</subfield>
    <subfield code="r">2018-01-18 00:00:00</subfield>
    <subfield code="t">1</subfield>
    <subfield code="v">530.00</subfield>
    <subfield code="y">EN</subfield>
  </datafield>
  <datafield tag="952" ind1=" " ind2=" ">
    <subfield code="0">0</subfield>
    <subfield code="1">0</subfield>
    <subfield code="4">0</subfield>
    <subfield code="7">0</subfield>
    <subfield code="8">NFIC</subfield>
    <subfield code="a">BN</subfield>
    <subfield code="b">BN</subfield>
    <subfield code="d">2018-01-18</subfield>
    <subfield code="e">ABC/5278/5.12.17/BPPD/EN/2017-18/636/20.11.17/6.1.2018</subfield>
    <subfield code="g">530.00</subfield>
    <subfield code="l">6</subfield>
    <subfield code="m">5</subfield>
    <subfield code="o">512.02 KHA</subfield>
    <subfield code="p">B-685745</subfield>
    <subfield code="r">2023-10-19 00:00:00</subfield>
    <subfield code="s">2023-10-09</subfield>
    <subfield code="t">1</subfield>
    <subfield code="v">530.00</subfield>
    <subfield code="y">EN</subfield>
  </datafield>
  <datafield tag="952" ind1=" " ind2=" ">
    <subfield code="0">0</subfield>
    <subfield code="1">0</subfield>
    <subfield code="4">0</subfield>
    <subfield code="7">0</subfield>
    <subfield code="8">NFIC</subfield>
    <subfield code="a">BL4</subfield>
    <subfield code="b">BL4</subfield>
    <subfield code="d">2018-01-18</subfield>
    <subfield code="e">ABC/5278/5.12.17/BPPD/EN/2017-18/636/20.11.17/6.1.2018</subfield>
    <subfield code="g">530.00</subfield>
    <subfield code="l">17</subfield>
    <subfield code="m">19</subfield>
    <subfield code="o">512.02 KHA</subfield>
    <subfield code="p">B-685746</subfield>
    <subfield code="r">2023-07-11 00:00:00</subfield>
    <subfield code="s">2023-05-29</subfield>
    <subfield code="t">1</subfield>
    <subfield code="v">530.00</subfield>
    <subfield code="y">EN</subfield>
  </datafield>
  <datafield tag="952" ind1=" " ind2=" ">
    <subfield code="0">0</subfield>
    <subfield code="1">0</subfield>
    <subfield code="4">0</subfield>
    <subfield code="7">0</subfield>
    <subfield code="8">NFIC</subfield>
    <subfield code="a">BN</subfield>
    <subfield code="b">BN</subfield>
    <subfield code="d">2023-06-28</subfield>
    <subfield code="e">DBAD/PUB</subfield>
    <subfield code="g">530.00</subfield>
    <subfield code="l">1</subfield>
    <subfield code="m">1</subfield>
    <subfield code="o">512.02 KHA</subfield>
    <subfield code="p">EN-120734</subfield>
    <subfield code="r">2024-04-05 00:00:00</subfield>
    <subfield code="s">2024-02-27</subfield>
    <subfield code="t">1</subfield>
    <subfield code="v">530.00</subfield>
    <subfield code="y">EN</subfield>
  </datafield>
</record>
